| 000 | 01426nam a2200241Ia 4500 | ||
|---|---|---|---|
| 999 |
_c38614 _d38614 |
||
| 001 | 4794 | ||
| 003 | GE_BSU | ||
| 005 | 20190816110228.0 | ||
| 008 | 181216s2005||||ge |||||||||||||| ||geo|| | ||
| 020 | _a9994011391 | ||
| 040 | _cGE_BSU | ||
| 041 | _ageo | ||
| 080 | _a94(479.22)"18"(093უცხ.) ა-38 | ||
| 100 |
_aაიხვალდი, ედუარდ _93617 |
||
| 245 |
_aედუარდ აიხვალდი საქართველოს შესახებ : _b(XIX საუკუნის პირველი მესამედი) / _cედუარდ აიხვალდი ; გერმანულიდან თარგმ. შესავ. და საძიებ. დაურთო გია გელაშვილმა. |
||
| 264 |
_aთბილისი : _bარტანუჯი ; _c2005. |
||
| 300 |
_a331 გვ. ; _c20 სმ. |
||
| 653 | _aედუარდ აიხვალდი საქართველოს შესახებ | ||
| 653 | _aსაქართველოს შესახებ | ||
| 700 |
_aგელაშვილი, გია _eგერმანულიდან თარგმნა, შესავალი და საძიებელი დაურთო _93618 |
||
| 700 |
_aკუდავა, ბუბა _eსერიის მთავარი რედაქტორი _93540 |
||
| 942 |
_cBK _2udc |
||